Environmental accounting (Record no. 32124)

MARC details
000 -LEADER
fixed length control field 00958cam a22002534a 4500
005 - DATE AND TIME OF LATEST TRANSACTION
control field 20090520130108.0
008 - FIXED-LENGTH DATA ELEMENTS--GENERAL INFORMATION
fixed length control field 090121s2009 ii g b 001 0 eng
010 ## - LCCN (DPL NO)
LC control number ENG-95572
020 ## - INTERNATIONAL STANDARD BOOK NUMBER
International Standard Book Number 9788178311739
Terms of availability 900.00
035 ## - SYSTEM CONTROL NUMBER
System control number EN-79105
037 ## - SOURCE OF ACQUISITION
Stock number DBAD/PUB
040 ## - CATALOGING SOURCE
Original cataloging agency DPL
245 ## - TITLE STATEMENT
Title Environmental accounting
Remainder of title Explorations in methodogy
Statement of responsibility, etc edited by Amitabh Kundu and Michael von Hauff
260 ## - PUBLICATION, DISTRIBUTION, ETC. (IMPRINT)
Place of publication, distribution, etc New Delhi :
Name of publisher, distributor, etc Manak Publications PVT. LTD.
Date of publication, distribution, etc 2008
270 ## - ADDRESS
Address B-7, Saraswati complex, Subhash chowk, Laxmi Nagar
City New Delhi
Postal code 110092
300 ## - PHYSICAL DESCRIPTION
Extent xvii,283 p. ;
Dimensions 23 cm.(Hb)
500 ## - GENERAL NOTE
General note Includes index.
504 ## - BIBLIOGRAPHY, ETC. NOTE
Bibliography, etc Includes bibliographical references and Indix
700 ## - ADDED ENTRY--PERSONAL NAME
Personal name Kundu, Amitabh,
700 ## - ADDED ENTRY--PERSONAL NAME
Personal name Hauff, Michael von
942 ## - ADDED ENTRY ELEMENTS (KOHA)
Source of classification or shelving scheme Dewey Decimal Classification
Item type English Books
Call number suffix ENV
Holdings
Withdrawn status Lost status Source of classification or shelving scheme Damaged status Not for loan Collection code Home library Current library Date acquired Source of acquisition Cost, normal purchase price Total Checkouts Full call number Barcode Date last seen Copy number Cost, replacement price Koha item type
    Dewey Decimal Classification   Not For Loan Non-fiction D.B.Act.Division D.B.Act.Division 30/11/2009 DBAD / PUB 900.00   ENV EN-79105 04/12/2009 1 900.00 English Books

© Delhi Public Library
Hit Counter
free hit counter